[Event "Huila Centenary op"]
[Site "Neiva"]
[Date "2005.05.11"]
[Round "2"]
[White "Dobrov, Vladimir"]
[Black "Tiviakov, Sergei"]
[Result "0-1"]
[WhiteElo "2521"]
[BlackElo "2631"]
[Annotator "Tiviakov,S"]
[PlyCount "133"]
[EventDate "2005.05.10"]
[EventType "swiss"]
[EventRounds "9"]
[EventCountry "COL"]
[SourceTitle "CBM 106 Extra"]
[Source "ChessBase"]
[SourceDate "2005.07.01"]
[SourceVersion "1"]
[SourceVersionDate "2005.07.01"]
[SourceQuality "1"]

1. d4 Nf6 2. c4 e6 3. Nf3 b6 4. Nc3 Bb4 5. Qc2 Bb7 6. a3 Bxc3+ 7. Qxc3 d6 8. e3
Nbd7 9. Be2 O-O 10. O-O Ne4 11. Qc2 f5 12. b4 Rf6 13. d5 exd5 14. Bb2 Rg6 15.
cxd5 Bxd5 16. Bc4 Bxc4 17. Qxc4+ Kh8 18. Qf7 (18. Qd5 Ndf6 $1 (18... c5 19. Nh4
$5 $14) 19. Qxf5 Qe7 20. Rac1 c5 21. bxc5 bxc5 $11 22. Nh4 (22. Bxf6 Rxf6 23.
Qd5 Re8 24. Rc4 h6 25. Rb1 Qf7 26. Qxf7 Rxf7 27. Rc2 Ree7 28. Kf1 g5 29. Rb8+
Kg7 30. Ne1 Rb7 31. Re8 Nf6 32. Rd8 Rfd7 33. Rxd7+ Nxd7 34. Ke2 Kf6 35. Kd2 Ne5
36. Nd3 Rb3 37. Nxe5 Kxe5 38. Rc3 Rb1 39. Rc1 Rb8 40. Kd3 Rb3+ 41. Rc3 Rb1 42.
Rc4 Kd5 43. Ra4 Rb2 44. e4+ Ke6 45. Ke3 Ke5 46. h3 h5 47. f3 Rxg2 48. Rxa7 Rb2
49. a4 Rb3+ 50. Ke2 Kd4 51. Ra6 Rb2+ 52. Kd1 Ke5 53. Ra8 Rh2 54. a5 Rxh3 55. a6
Rh1+ 56. Ke2 Ra1 57. a7 Kd4 58. e5 d5 59. e6 Ra6 60. Kd2 Rxe6 61. Rg8 Ra6 62.
a8=Q Rxa8 63. Rxa8 Ke5 64. Rh8 h4 65. Rf8 Ke6 66. Ke3 Ke5 67. Re8+ Kf5 68. Rc8
c4 69. Rf8+ Ke5 70. f4+ gxf4+ 71. Rxf4 {1-0 Popov,V-Alekseev,E/St Petersburg
2004/CBM 102 (71)}) 22... Rg4 23. Bxf6 Nxf6 24. Nf3 Rf8 25. h3 Re4 26. Rc3 Nd7
27. Qd5 Nb6 28. Qg5 {1/2-1/2 Venclik,S-Dietrich,S/SEMI 1997/Telechess CBM 93 
(28)}) 18... c5 $1 $146 (18... Qe8 19. Qxf5 Qe7 20. Ne5 Nxe5 21. Qxe4 Re8 22.
Bxe5 Qxe5 23. Qxe5 Rxe5 24. Rac1 c5 25. Rfd1 h6 26. bxc5 dxc5 27. Rd7 a6 28.
Rc3 Rc6 29. Kf1 c4 30. f4 Rb5 31. Ke2 a5 32. e4 Rb3 33. Kd2 b5 34. Kc2 a4 35.
e5 Re6 36. Rd6 Re7 37. e6 Kg8 38. Rd8+ Kh7 39. f5 g6 40. Rd7 {1-0 Muhvic,
D-Lovric,B/Kastav 2000/CBM 076 ext (40)}) (18... Ng5 19. Qxf5 Qe7 20. Nh4 Re6
21. Qd5 Rg8 22. Nf5 Qf7 23. f4 Nf6 24. Qb7 Nge4 25. Rac1 Qh5 26. Nd4 Re7 27.
Rxc7 Rxc7 28. Qxc7 Ng4 29. Nf3 Nxe3 30. Re1 Nd5 31. Qxa7 Nef6 32. Ng5 h6 33.
Nf7+ Kh7 34. Bxf6 Nxf6 35. Nxd6 Qh4 36. g3 Qh5 37. Qxb6 Ng4 38. h4 Qd5 39. Qc5
Qf3 40. Qc2+ g6 41. Re7+ Rg7 42. Rxg7+ Kxg7 43. Qc7+ Kh8 44. Qc8+ Kg7 45. Qb7+
{1-0 Matveeva Svetlana (RUS)-Trofimov Sergey (RUS)/Moscow (Russia) 2005 (45)})
19. Qxf5 (19. Rad1 $5) (19. Rfd1 $5) 19... Qe7 20. Ne5 Nxe5 21. Qxe4 Re8 22.
Rad1 (22. Bxe5 Qxe5 23. Qxe5 Rxe5 $11 {_|_}) (22. Rfd1 Rg4 $5 23. Qd5 (23. f4
Nc4 $1 24. Qxc4 Qxe3+ 25. Kh1 Qf2 $15) 23... Nc4 $11) (22. bxc5 bxc5 $11 (22...
Qf7 $5)) 22... Nf7 (22... Qf7) (22... Qf8) 23. Qxe7 Rxe7 24. Rd3 {(/\f3, e4)} (
24. Rd5 $5) 24... Rge6 $11 {_|_} 25. Rc1 Kg8 26. Kf1 Kf8 27. Ke2 Rh6 $1 {(׻)}
28. h3 Rg6 $1 29. g3 (29. Kf1 {(/\f3, e4 [+])} Rge6 $5 $11) 29... Ng5 30. h4 (
30. Rh1 Ne4 (30... Rf7 $5) 31. g4 Rf7 32. Rh2 c4 $5 (32... Re6 $5 33. f3 $140
Ng5 $11) 33. Rd4 c3 34. Bc1 Re6 $13) 30... Ne4 31. Kf3 (31. Ke1 Rf7 32. Rc2 $11
) 31... Ke8 {(/\Kd7-c6, ><d5)} 32. Rd5 Kd7 33. b5 {(><b5)} Rge6 34. Kg2 (34.
Rf5 $5 $11 {/\Rf8}) 34... Nf6 35. Rf5 $6 (35. Bxf6 $142 Rxf6 $11) 35... Ne8 $15
{(/\Nc7, ><b5)} 36. Kf3 (36. Rf8 Nc7 37. a4 Re4 $5 $15) 36... Re4 $6 $138 (
36... Nc7 $142 37. a4 a6 38. bxa6 Nxa6 $15) 37. Rf4 R4e6 38. Rd1 (38. h5) (38.
a4) (38. Ra4 $1 Kc8 39. Rd1 $11) 38... Nc7 39. a4 Ke8 $5 (39... a6 40. bxa6
Nxa6 $15 {/\Kc6}) 40. e4 a6 41. bxa6 Nxa6 42. Bc3 Nc7 43. h5 Kd7 (43... b5 44.
axb5 Nxb5 $11) 44. Rg4 $138 g6 45. h6 $2 {(><h6)} (45. hxg6 hxg6 $15) 45... Kc6
$17 46. Bg7 d5 47. exd5+ Nxd5 48. Rg5 $6 (48. Rd2 $142) 48... Nf6 49. Rd8 (49.
Bxf6 Rxf6+ 50. Kg2 Re2 51. Rf1 Ra2 $17 (51... c4 $17)) 49... Ne8 (49... Rf7 $17
) 50. Bh8 (50. Bc3 Nd6 $17) 50... Nd6 51. Rg4 Nf7 52. Rc8+ Kb7 53. Rf8 Nxh6 54.
Rh4 Nf7 $19 55. Rf4 Nd6 56. Rd8 Kc6 57. Bf6 Ra7 58. g4 h6 59. Bc3 $6 (59. g5
$142 hxg5 60. Bxg5 Ra5 $19 {(/\c4)}) 59... g5 60. Rff8 Rxa4 61. Bd2 Nc4 (61...
Ne4 62. Be3 Nf6 $19) (61... b5 $19) 62. Kg3 Ra2 63. Bc3 Nd6 64. Bg7 Ra7 (64...
b5 $19) 65. Rg8 Rf7 66. Rdf8 Ra7 67. Rh8 $4 0-1

[Event "DEN-ch"]
[Site "Esbjerg"]
[Date "1997.03.24"]
[Round "3"]
[White "Schandorff, Lars"]
[Black "Ochsner, Thomas"]
[Result "1-0"]
[WhiteElo "2510"]
[BlackElo "2300"]
[Annotator "Tsesarsky,I"]
[PlyCount "101"]
[EventDate "1997.03.22"]
[EventType "tourn"]
[EventRounds "9"]
[EventCountry "DEN"]
[EventCategory "10"]
[SourceTitle "CBM 060"]
[Source "ChessBase"]
[SourceDate "1997.09.29"]
[SourceVersion "1"]
[SourceVersionDate "1997.09.29"]
[SourceQuality "1"]

1. d4 Nf6 2. c4 e6 3. Nc3 Bb4 4. Qc2 O-O 5. a3 Bxc3+ 6. Qxc3 b6 7. Bg5 Ba6 8.
e3 (8. Rc1 h6 9. Qf3 Nc6 10. Bxf6 Qxf6 11. Qxf6 gxf6 12. e3 Ne7 13. Nf3 c5 14.
Be2 cxd4 15. Nxd4 Rac8 $10 {Lerner,K-Rozentalis,E/Lvov/1990/0,5/42/}) (8. Nf3
c5 (8... d6 9. e3 Nbd7 10. Bd3 $14) 9. dxc5 bxc5 10. e3 Nc6 11. Bd3 Qa5 12.
Bxf6 gxf6 13. b4 cxb4 14. Qxf6 bxa3+ 15. Ke2 Qc5 $2 (15... Nb4 $1 16. Rxa3 (16.
Bxh7+ $2 Kxh7 17. Ng5+ Kg8 18. Qh6 Qf5 $19) (16. Ne5 Qd8 17. Qxd8 Rfxd8 18.
Rxa3 d5 $11) 16... Qxa3 17. Qg5+ Kh8 18. Qf6+ $11) 16. Rhc1 Qe7 17. Qxe7 Nxe7
18. Rxa3 $16 {Hansen,L-Farago,I/Denmark/1990/1|0/31/}) 8... d6 9. Bd3 Nbd7 10.
Ne2 (10. Nf3 $143 c5 11. b4 cxd4 12. exd4 Rc8 13. Qb3 h6 14. Bh4 Qc7 15. Rc1 e5
16. dxe5 dxe5 17. Bg3 Nh5 18. O-O Nxg3 19. hxg3 e4 20. Bxe4 Bxc4 21. Qb2 b5 $15
{Lautier,J-Korchnoi,V/SUI/1994/0|1/39/}) 10... h6 (10... c5 11. Qc2 (11. b4 h6
(11... Rc8 12. dxc5 dxc5 13. b5 Bb7 14. O-O-O $14 {1/2-1/2 Kohlweyer,B-Hobuss,
U/Open, Geneva SUI 1997 (43)} (14. O-O $14) (14. f3 $14)) 12. Bh4 cxd4 13. exd4
Rc8 14. Qb3 e5 15. Rc1 (15. b5 Bb7 16. O-O e4 (16... exd4 $6 17. Nxd4 d5 18.
Nf5 Rc5 19. Bc2 Ne5 20. Qg3 Ng6 21. Rfe1 (21. Nd6 $16) (21. Nxh6+ $1 gxh6 22.
Bxg6 fxg6 23. Qxg6+ Kh8 24. Qxh6+ Kg8 25. Qg6+ Kh8 26. Rae1 $18 (26. Qh6+ $11))
21... Qc7 22. Nxh6+ gxh6 23. Bxf6 Qxg3 24. hxg3 Rxc4 25. Bd3 $16 {Baburin,
A-Wirthensohn,H/Wohlen/1993/1-0/34/}) 17. Bb1 Qc7 (17... d5 18. cxd5 g5 19. Bg3
Bxd5 20. Qb2 $14) (17... Re8 $5) 18. Ba2 $132 {1/2-1/2 Baburin,A-Rozentalis,E/
Copenhagen PC 1996 (31)} (18. Rc1 $1 d5 19. Bg3 Qd8 (19... dxc4 20. Qa4 Qd8 21.
Qxa7 Bd5 22. a4 $14) 20. Qa4 Rxc4 21. Rxc4 dxc4 22. Qxa7 Qa8 23. Qxa8 Rxa8 24.
Nc3 $14)) 15... e4 (15... exd4 16. O-O Ne5 17. b5 Bb7 18. Nxd4 d5 $10 {Vera,
R-Morovic Fernandez,I/Capablanca mem-A (00) ;CBM 54 1996}) 16. Bb1 d5 17. b5
dxc4 18. Rxc4 Rxc4 19. Qxc4 Bb7 20. O-O Qa8 $132 {0-1 Pedersen,S-Aagaard,J/
Drury Lane, London ENG 1997 (66)}) (11. Rc1 Rc8 12. Qd2 $6 h6 (12... Ne4 $2 13.
Bxd8 (13. Bxe4 Qxg5 14. b3 cxd4 15. exd4 Qxd2+ 16. Kxd2 d5 17. cxd5 Nf6 18. Bf3
Bxe2 (18... Nxd5 19. Bxd5 exd5 20. Nf4 $14) 19. Kxe2 Nxd5 $11) 13... Nxd2 14.
Be7 Nb3 15. Rc3 Rfe8 16. Bxd6 $16) 13. Bh4 cxd4 14. exd4 e5 15. b3 e4 16. Bb1
d5 17. cxd5 Rxc1+ 18. Qxc1 Qe7 $15 {Olsen,P-Rozentalis,E/Copenhagen PC (01) ;
CBM 54 1996}) (11. dxc5 Nxc5 $5 (11... bxc5 $132) 12. Bc2 Rc8 13. Qd4 h6 14.
Bxf6 Qxf6 15. b3 b5 $1 $11 {1/2-1/2 Azmaiparashvili,Z-Korchnoi,V/Moscow PCA
blitz 1995 (62)}) 11... h6 12. Bh4 cxd4 13. exd4 d5 14. cxd5 Rc8 15. Qb3 Bxd3
16. Qxd3 exd5 17. O-O Qc7 18. Rac1 Qb7 $11 {1-0 Gurevich,M-Johansen,D/20th
Open, Gent BEL 1997 (55)}) 11. Bh4 c5 (11... Rc8 12. b4 Ne4 13. Bxd8 (13. Bxe4
Qxh4 14. Bc6 Nb8 15. Bf3 c6 16. O-O d5 $11 {1/2-1/2 Ivanov,S-Korchnoi,V/It, St
Petersburg RUS 1997 (26)}) 13... Nxc3 14. Bh4 Nxe2 15. Kxe2 f5 16. f3 e5 17.
Rhc1 Rce8 $132 {1/2-1/2 Skomorokhin,R-Chernin,A/Open, Biel SUI 1997 (29)}) 12.
b4 (12. O-O Rc8 (12... cxd4 13. Nxd4 (13. exd4 Rc8 14. Qb3 e5 15. Qa4 Bb7 16.
Bf5 g5 17. Bg3 Rc7 18. Rad1 $14 {1-0 Hoang Thang Trang-Kachiani,K/32nd ol 
(women), Yerevan ARM 1996 (42)}) 13... Rc8 14. b3 d5 15. Rfd1 Ne4 16. Bxe4 Qxh4
17. Bd3 Ne5 18. Be2 Rfe8 $15 {0-1 Olsen,P-Hyldkrog,L/Copenhagen PC 1996 (33)})
13. Qb3 d5 14. Qa4 cxd4 15. Bxf6 gxf6 16. Qxa6 Nc5 17. Qb5 a6 18. Qb4 Nxd3 19.
Qd2 dxc4 20. exd4 Kh7 $17 {0-1 Hoang Thang Trang-Lukacs,P/FSGM April, Budapest
HUN 1997 (39)}) 12... Rc8 13. dxc5 dxc5 (13... bxc5 14. b5 Bb7 15. O-O Re8 (
15... d5 16. Rfd1 Ne4 17. Bxd8 (17. Bxe4 Qxh4 18. Ng3 $5 Nf6 19. Bf3 $11) 17...
Nxc3 18. Nxc3 Rcxd8 $132 {1/2-1/2 Vera,R-Lalic,B/Linares 1997 (41)}) 16. Rfd1
Nd5 {1/2-1/2 Hoang Than Trang-Aagaard,J/Budapest FS08 GM 1996}) 14. b5 Bb7 15.
f3 $14 {^^} Qe7 (15... Nd5 16. Bxd8 Nxc3 17. Be7 Rfe8 18. Bd6 Nxe2 19. Kxe2 $14
e5 $140 $2 20. Bf5 $18) 16. O-O Rfd8 17. Bc2 Nf8 (17... a6 18. a4 (18. bxa6
Bxa6 19. Rfd1 Ra8 20. Rab1 Bb7 $132) 18... a5 19. Rad1 $14) 18. Rfd1 Rxd1+ $6
19. Rxd1 Rd8 20. Rxd8 Qxd8 21. Kf1 (21. e4 Ng6 22. Bf2 (22. Bxf6 Qxf6 23. Qxf6
gxf6 24. f4 $11) 22... Nd7 23. Bg3 Qg5 24. Qd3 $14) 21... N8d7 22. Qd3 Qe7 23.
Nc3 Nf8 (23... a6 24. a4 axb5 25. axb5 (25. cxb5 Nf8 (25... Ne5 26. Bxf6 Qxf6
27. Qd6 $16) 26. e4 Ng6 27. Bg3 Nh5 28. Bd6 Qg5 29. g3 Qf6 30. Kg2 Qd8 31. Kg1
e5 32. Nd1 Nf6 33. Ne3 Ne8 34. Nc4 $14) 25... Qf8 26. Na4 $14) 24. Bg3 Qe8 25.
a4 Qa8 26. Ke2 N6d7 27. Qd6 Qd8 28. Kd2 $16 (28. Ne4 Ba8 29. a5 Bxe4 30. Bxe4
bxa5 31. Bc6 a4 32. Qd1 a3 33. Qd3 a2 34. Qa3 Nb8 35. Qxa2 $16) 28... Qa8 29.
Qc7 Qc8 30. Qxc8 Bxc8 31. Be4 f5 32. Bc6 e5 (32... Kf7 33. Bc7 $16) 33. Bd5+
Kh7 34. f4 e4 35. Bh4 g5 (35... g6 36. g4 Kg7 37. Bd8 $16) 36. fxg5 Ng6 37. Bg3
hxg5 38. Be6 $1 f4 $2 (38... Ne7 $1 39. Bd6 Ne5 $3 40. Bxf5+ (40. Bxe5 Bxe6 41.
Bf6 Ng6 42. g4 $11) 40... Bxf5 41. Bxe5 Nc8 42. h3 Kg6 43. Nd5 (43. g4 Be6 44.
Nd5 Kf7 45. Kc3 $16) 43... Be6 44. Kc3 $16) 39. Bf2 $18 {[%csl Re4]} Ngf8 40.
Bf5+ Kg7 41. exf4 gxf4 42. Nxe4 Bb7 43. g3 $1 Ne5 (43... f3 44. Nd6 Ba8 45. h4
$18) 44. Nd6 fxg3 45. Bxg3 Kf6 46. Bh4+ Kg7 47. Kc3 Bg2 48. Nc8 Bf1 49. Nxa7
Nxc4 50. Nc8 Kf7 51. Bc2 1-0

[Event "London"]
[Site "London"]
[Date "1997.10.18"]
[Round "1"]
[White "Pedersen, Steffen"]
[Black "Gormally, Daniel"]
[Result "1-0"]
[WhiteElo "2435"]
[BlackElo "2425"]
[Annotator "Tsesarsky,I"]
[PlyCount "83"]
[EventDate "1997.10.18"]
[EventType "tourn"]
[EventRounds "9"]
[EventCountry "ENG"]
[EventCategory "10"]
[SourceTitle "CBM 062"]
[Source "ChessBase"]
[SourceDate "1998.01.31"]
[SourceVersion "1"]
[SourceVersionDate "1998.01.31"]
[SourceQuality "1"]

1. d4 Nf6 2. c4 e6 3. Nc3 Bb4 4. Qc2 O-O 5. a3 Bxc3+ 6. Qxc3 b6 7. Bg5 h6 8.
Bh4 d5 (8... Ba6 9. e3 (9. Rc1 d6 10. Qf3 Nbd7 11. e3 Rc8 12. b4 d5 $1 13. cxd5
Bxf1 14. dxe6 $1 fxe6 15. Kxf1 c5 $1 16. bxc5 (16. Ne2 cxb4 17. axb4 Rxc1+ 18.
Nxc1 Qc7 19. Qd1 Nd5 20. Kg1 Nxb4 21. h3 $132) (16. Qh3 cxb4 17. Qxe6+ Kh8 18.
Ra1 bxa3 19. Ne2 Re8 20. Qf5 (20. Qb3 Ne4 21. Bxd8 Nd2+ 22. Ke1 Nxb3 23. Rxa3
Nxd4 $1 $17) 20... Qe7 21. g4 $13) 16... bxc5 17. Bxf6 Nxf6 18. Ne2 cxd4 19.
Rxc8 Qxc8 20. exd4 Qc2 $17 {0-1 Rydholm,L-Kupsys,A/cr Betinsch memo 1993 (40)})
(9. Nf3 d6 (9... d5 $1 10. cxd5 exd5 11. Ne5 Qd6 12. Bxf6 Qxf6 13. g3 c5 14.
Qf3 Qxf3 15. Nxf3 Nc6 16. dxc5 bxc5 17. e3 Bb7 18. Bg2 d4 19. O-O dxe3 20. fxe3
$132 {1/2-1/2 Sokolov,I-Gostisa,L/Maribor 1990 (50)}) 10. e3 Nbd7 11. b4 c5 12.
dxc5 bxc5 13. b5 (13. Be2 $5) 13... Bb7 14. Be2 a6 15. O-O axb5 16. cxb5 Ra4
17. Bg3 Ne4 18. Qc2 Qa5 $17 {1/2-1/2 Elbilia,J-Palac,M/Montpellier-Masters
1997 (47)}) 9... d6 (9... d5 10. Nf3 (10. cxd5 Bxf1 11. Kxf1 exd5 12. Bxf6 Qxf6
13. Ne2 (13. Qxc7 $1 Nc6 14. Ne2 (14. Qg3 Rac8 15. Qf3 Qg6 16. Qxd5 Qd3+ 17.
Ne2 Na5 18. Qh5 Rc2 $17) 14... Rac8 15. Qf4 Qg6 16. Qf3 Qc2 (16... Rfd8 17. Nc3
Na5 18. Nxd5 Rd7 19. Nb4 $16) 17. Qxd5 Qxb2 18. Qa2 Qb5 19. Rb1 Qa6 (19... Qd3
20. Qb3) 20. Kg1 $16) 13... Rc8 14. Rc1 c6 15. f3 Nd7 16. Kf2 Qd6 17. Qd2 Re8
18. Rc3 c5 19. dxc5 bxc5 20. Rd1 $11 {1/2-1/2 Chekhov,V-Gostisa,L/Pula op 1990
(42)}) 10... Nbd7 11. Bd3 c5 (11... dxc4 12. Bxc4 Bxc4 13. Qxc4 c5 $11) 12.
cxd5 Bxd3 13. Qxd3 (13. dxe6 $1 Ba6 14. exd7 cxd4 15. Qxd4 Qxd7 16. Qxd7 (16.
Bxf6 Qb5 17. Qd2 gxf6 18. Nd4 Qg5 19. f4 $14 (19. O-O-O Rac8+ 20. Kb1 $14))
16... Nxd7 17. Rd1 $16) 13... exd5 14. dxc5 bxc5 15. O-O Qb6 16. Rab1 a5 17. b3
Rab8 18. Rfd1 Rb7 $11 {1/2 - Shishkin,V-Mazalon,M/MK Cafe op 1997/EXP 59 (41)})
10. Rd1 (10. Nf3 Nbd7 11. Bd3 c5 12. O-O cxd4 13. exd4 Rc8 {1/2-1/2 Yrjola,
J-Olafsson,H/Espoo zt 1989}) 10... Ne4 11. Bxd8 Nxc3 12. Rc1 (12. bxc3 Rxd8 13.
Nf3 Nd7 $11) 12... Na2 13. Ra1 Rxd8 14. Rxa2 c5 15. Nf3 $11 {1/
2Azmaiparashvili,Z-Garcia Ilundain,D/San Roque 1996/CBM 57/ - (67)}) 9. e3 (9.
cxd5 exd5 10. e3 g5 11. Bg3 c5 12. Nf3 (12. Bd3 cxd4 13. Qxd4 Nc6 14. Qc3 Bb7
15. Ne2 d4 16. exd4 Re8 17. O-O Ne4 18. Bxe4 Rxe4 19. Rfe1 Rc8 20. Qd3 Nxd4 21.
Nxd4 Rxd4 22. Re8+ Qxe8 23. Qxd4 $11 {1/2-1/2 Olafsson,H-Barbero,G/Budapest tt
1989 (41)}) 12... Ne4 13. Qc1 Re8 14. Be2 Bg4 15. O-O Nd7 16. Qd1 $132 {
1/2 - Dive,R-Barbero,G/Novi Sad olm 1990/TD 90\06/ - (61)}) 9... Bb7 10. cxd5 (
10. Nf3 Nbd7 11. Bd3 Rc8 12. O-O dxc4 13. Bxc4 c5 14. Rac1 a6 $132 (14... Bxf3
15. gxf3 g5 (15... cxd4 16. Qxd4 Nc5 17. Bxf6 Qxf6 18. Qxf6 gxf6 19. b4 Nd7 20.
Ba6 Rxc1 21. Rxc1 $16) 16. Bg3 Nd5 17. Qd2 Qf6 $132)) 10... Bxd5 11. Nf3 (11.
Bxf6 Qxf6 12. Qxc7 Nc6 $44) 11... Nbd7 12. Ne5 $5 (12. Be2 c5 $11) 12... Nxe5 (
12... g5 13. Bg3 Ne4 14. Qc2 c5 15. Nxd7 Qxd7 16. f3 (16. Bd3 f5 17. Be5 cxd4
18. Bxd4 Rac8 19. Qe2 Nc5 20. Bxc5 (20. O-O $4 Nxd3 21. Qxd3 Bc4 $19) 20...
Rxc5 21. O-O $11) 16... Nxg3 17. hxg3 cxd4 18. e4 Rac8 19. Qd2 Bb3 20. Rxh6 f6
$17) 13. dxe5 Ne4 14. Bxd8 Nxc3 15. Bxc7 (15. Bh4 Na4 16. O-O-O (16. Rc1 Nxb2
17. Rc2 Na4 18. Rxc7 Rfc8 19. Rxc8+ Rxc8 $17) 16... a5 17. f3 Nc5 18. Be7 Nb3+
19. Kc2 Rfe8 20. e4 Bc6 21. Bh4 (21. Kxb3 Rxe7 $11) 21... Nc5 22. Rd4 g5 23.
Bf2 Red8 24. Bc4 Rxd4 25. Bxd4 Nb7 26. Rd1 Rd8 $11) 15... Rfc8 16. Bd6 $132 Na4
17. Ba6 (17. b4 Rc3 18. Kd2 (18. f3 Rxe3+ 19. Kd2 (19. Kf2 Rc3 20. Bb5 Rc2+ 21.
Kg3 Nc3 22. Ba6 Ne2+ (22... b5 23. Kh3 Ne2 24. Bxb5 Nf4+ 25. Kg3 Nxg2 26. Bc5
h5 27. h4 g5 $8 28. hxg5 h4+ 29. Kg4 $16) 23. Bxe2 Rxe2 24. Rhc1 $11) 19... Rb3
20. Bb5 Rb2+ 21. Kd3 Bb3 $15) 18... Rac8 $15) 17... Rc2 18. O-O (18. Bd3 Rxb2
19. e4 Bb3 $15) 18... Rxb2 19. Rfc1 Rb3 (19... b5 $6 20. Rc7 Bc4 $6 21. h4 Nb6
(21... Nc3 22. a4 Nxa4 23. Rxa4 bxa4 24. Rxc4 Ra2 25. g4 $16) 22. a4 Nd5 23.
Rb7 Nc3 24. axb5 Bd5 (24... Bxb5 25. Kh2 $18) 25. Rd7 Nxb5 26. Rc1 $16) 20.
Rab1 $2 (20. Rc7 Rc3 21. Rc1 Rxc1+ 22. Rxc1 $16) (20. Bb4 Nb2 21. Rc7 Nd3 22.
Bd6 Nc5 23. Bxc5 bxc5 24. Rxc5 $16) 20... Rxb1 21. Rxb1 Nc5 $2 (21... Nc3 $1
22. Rc1 Rc8 $3 23. Kf1 (23. Bxc8 Ne2+ 24. Kf1 Nxc1 25. Bb8 Bc4+ 26. Kg1 (26.
Ke1 Nd3+ 27. Kd2 a5 28. f4 b5 29. Bd6 b4 30. axb4 axb4 31. f5 b3 32. fxe6 fxe6
33. Bxe6+ Bxe6 34. Kxd3) 26... Ne2+ 27. Kh1 Nc3 28. Bxa7 Nb5 29. Bxb6 Nxa3 $14)
23... Rc6 $11) 22. Bxc5 $16 bxc5 23. f3 Rd8 24. Rc1 Rb8 (24... c4 25. e4 $16)
25. e4 Bc6 (25... Rb6 26. exd5 Rxa6 27. d6 Kf8 28. Rxc5 Ke8 29. Rc8+ Kd7 30.
Rc7+ Ke8 31. Re7+ Kf8 32. Rc7 Ke8 33. Rc8+ (33. Rc3 $18) 33... Kd7 34. Rf8 f6
35. Rf7+ Kd8 36. exf6 (36. f4 fxe5 37. fxe5 Rxa3 38. Rxg7 (38. Re7 a5 39. Rxe6
Rd3 40. Re7 Rd5 41. Kf2 a4 42. Ke3 a3 43. Ke4 Ra5 44. Rxg7 a2 45. e6 Re5+ $3
46. Kf4 Rxe6 47. Ra7 Re2 48. Kf3 Rd2 49. h4 Rxd6 50. Rxa2 Ke7 $11) 38... Ra5
39. Rh7 Rxe5 40. Rxh6 a5 41. Rh7 Rd5 42. h4 Rxd6 43. Ra7 Rd5 44. Kf2 $18) 36...
gxf6 37. Rxf6 Kd7 38. Rxh6 Rxa3 39. h4 $18) 26. Rxc5 Rb6 27. Be2 (27. Bc4 $16)
27... Kf8 (27... g5 $5 28. Kf2 Kg7 29. Ke3 f6 30. Bc4 Kf7 $16) 28. Kf2 Ke7 29.
Ra5 Rb7 30. Ke3 Kd8 (30... Kd7 31. Kd4 Ke7 32. h4 Rd7+ 33. Ke3 Rb7 34. f4 Kd7
35. g4 Ke7 36. Bd3 (36. Kd4 Rd7+ 37. Ke3) 36... Kd7 37. Kd4 Ke7 38. f5 Rd7+ 39.
Ke3 Rb7 40. g5 hxg5 41. hxg5 $18) 31. Kd4 Rb2 32. Bc4 $1 Rxg2 $2 (32... Rb7 $16
) 33. Rxa7 $18 Bd7 (33... Rd2+ 34. Kc5 $18) 34. Kc5 Rc2 (34... Rxh2 35. Kd6
Rd2+ 36. Bd5 $1 exd5 (36... Bc8 37. Rxf7 Ke8 38. Re7+ Kf8 39. Rc7 Ba6 40. Kxe6
$18) 37. Rxd7+ Kc8 38. Ke7 $1 d4 39. Kxf7 $1 Rf2 40. e6 Rxf3+ 41. Kxg7 $18 (41.
Ke8 d3 42. e7 g5 43. Rd4 g4 44. Rc4+ Kb7 45. Kd8 $18)) 35. a4 Rxh2 36. a5 Rh1
37. a6 Ra1 38. Kd6 Rd1+ 39. Bd5 Bc8 40. Rxf7 Ke8 41. Re7+ Kf8 42. a7 1-0

[Event "Biel Credit Suisse"]
[Site "Biel"]
[Date "1997.07.25"]
[Round "4"]
[White "Pelletier, Yannick"]
[Black "Gelfand, Boris"]
[Result "0-1"]
[WhiteElo "2465"]
[BlackElo "2695"]
[Annotator "Tsesarsky,I"]
[PlyCount "83"]
[EventDate "1997.07.20"]
[EventType "tourn"]
[EventRounds "10"]
[EventCountry "SUI"]
[EventCategory "17"]
[SourceTitle "CBM 060"]
[Source "ChessBase"]
[SourceDate "1997.09.29"]
[SourceVersion "1"]
[SourceVersionDate "1997.09.29"]
[SourceQuality "1"]

1. d4 {Hecht} Nf6 2. c4 e6 3. Nc3 Bb4 4. Qc2 O-O 5. a3 Bxc3+ 6. Qxc3 b6 7. Nf3
Bb7 8. g3 c5 9. Bg2 (9. dxc5 Ne4 (9... bxc5 10. Bg5 Ne4 11. Bxd8 Nxc3 12. Be7
Re8 13. Bxc5 Na4 14. Be3 (14. Bd4 e5 15. Bc3 Nxc3 16. bxc3 Na6 $44) 14... Nxb2
15. Rb1 Nd3+ 16. Kd2 Bxf3 17. exf3 Ne5 18. f4 Ng4 19. Bg2 {1/2-1/2 Prentic,
I-Svicevic,R/JUG-chT2 1994 (23)} (19. Rb7 Nxe3 20. fxe3 $14)) 10. Qc2 Nxc5 (
10... bxc5 11. Bg2 f5 (11... Qa5+ 12. Nd2 f5 13. O-O d5 14. Nxe4 fxe4 15. b3
$14) 12. O-O Nc6 13. Rb1 Qe7 14. b3 Rab8 15. Bb2 d6 16. Ba1 $14 {1-0 Sapis
Witalis-Ostrowski Leszek/It (open), Polanica Zdroj (Poland) 1995 (54)}) 11. Bg2
Be4 12. Qc3 Nc6 (12... Qf6 13. Qxf6 gxf6 14. Bh6 Rc8 15. Rc1 Nc6 16. b4 Nb3 17.
Rc3 Nbd4 18. Kd2 b5 19. Nxd4 Bxg2 20. Nxc6 Bxc6 21. Rhc1 a6 $11 {1/2-1/2
Dokhoian,Y-Smagin,S/Erevan 1988 (27)}) 13. Be3 a5 14. O-O Qf6 15. Qxf6 gxf6 16.
Rad1 Rfd8 17. Rd6 Rab8 18. Rfd1 $14 {0-1 Kaposztas,M-Farago,I/HUN t-ch 1996 
(34)}) 9... cxd4 10. Qxd4 Nc6 11. Qh4 Na5 12. Bd2 (12. b4 Nb3 13. Rb1 Nxc1 14.
Rxc1 Rc8 15. O-O Qe7 16. Ne5 Bxg2 17. Kxg2 d6 18. Nf3 Qb7 {1/2-1/2 Benjamin,
J-Gruenfeld,Y/New York op 1994}) 12... Rc8 $11 (12... Nb3 13. Rd1 Nxd2 14. Rxd2
d5 15. cxd5 Bxd5 $11) 13. Bxa5 bxa5 14. O-O (14. Qd4 $2 Qc7 (14... Qb6 15. Qxb6
(15. Rd1 Qxd4 16. Rxd4 e5 $17) 15... axb6 16. b3 a4 17. Rb1 Be4 18. Rb2 axb3
19. Rxb3 Rxc4 (19... d5 $5) 20. Rxb6 Ra8 21. O-O Rca4 $17) 15. Qxa7 Bxf3 16.
Qxc7 Bxg2 (16... Rxc7 17. Bxf3 Rxc4 18. Kd2 Rb8 19. Rab1 d5 20. Rhc1 $11) 17.
Qxa5 Bxh1 18. f3 Bg2 19. Qc3 $13) 14... Qb6 15. b4 $1 d6 16. bxa5 (16. b5 Rc5
17. Rfd1 Rfc8 18. Rac1 d5 19. Ne5 (19. Nd2 Ne8 20. e4 Nd6 21. exd5 Bxd5 22. Bf1
a4 23. Bd3 h6 24. Rc2 Bb7 $15) 19... dxc4 20. Nxc4 Qxb5 21. Rb1 Qxc4 22. Qxc4
Rxc4 23. Bxb7 $11) 16... Qxa5 $15 17. Qd4 (17. Rfd1 Rfd8 18. Qd4 Qa4 19. Rac1
Rd7 $15 (19... Qxa3 20. Ra1 Qc5 21. Rxa7 Bxf3 22. Bxf3 Qxc4 23. Qxc4 Rxc4 24.
Rxd6 $1 $11)) 17... Rfd8 18. Rfb1 (18. Rfd1 $5 $15) 18... Be4 19. Rb4 (19. Rb5
Qc7 20. Rc1 Bd5 21. Nd2 Bxg2 22. Kxg2 d5 23. Rbb1 (23. c5 e5 24. Qb2 Qc6 25.
Nf3 d4 26. Kg1 Nd7 $15) 23... e5 $1 $15) 19... h6 20. Nd2 (20. Rb5 Qc7 (20...
Qa4 21. Rb4) 21. Rb2 $15) 20... Bxg2 21. Kxg2 d5 $5 22. cxd5 (22. e3 Rd7 (22...
dxc4 23. Nxc4 Qa6 $19)) (22. Qc3 Rd6 $15) (22. Qe5 $1 Qc5 $140 23. cxd5 Rxd5 (
23... Qxd5+ 24. Qxd5 (24. Nf3 Qxe5 (24... Rc2 25. Rd4 Qa8 26. Rad1 $11) 25.
Nxe5 $11) 24... Nxd5 25. Rc4 Rxc4 26. Nxc4 Rc8 $15) 24. Qb2 Qc2 25. Nf3 $11)
22... Nxd5 23. Rb7 (23. Qe5 Rc2 24. Nb3 Qa6 $1 $17 (24... Qc7 25. Qxc7 Rxc7 26.
Rd4 Rc2 27. e4 $11)) (23. Rb2 Nc3 24. Qb4 Qa6 $15) 23... Nf6 24. Nb3 $8 Qh5 $1
(24... Qf5 25. Qe3 Nd5 $15) (24... Rxd4 25. Nxa5 Rd7 $11) 25. Qf4 $2 (25. Qxa7
$1 Ra8 26. Qb6 (26. Qc5 Qxe2 27. Qe7 Qh5 28. Rc1 Nd5 29. Qc5 Qe2 30. Kg1 $8 (
30. Rc4 Ne3+ $19) (30. h4 Nf4+ $19) 30... Qa6 31. Qc6 Qxc6 32. Rxc6 Rxa3 $17)
26... Qxe2 27. h3 Qe4+ 28. Kh2 Qf3 $17) 25... Qxe2 26. Rxa7 $6 (26. Rc1 $5 Qd3
27. Rxc8 Rxc8 $17) 26... Qb2 27. Qf3 $8 Rb8 $1 $19 (27... Rc3 $1 28. Rb1 $1 (
28. Qb7 Rf8 $19) 28... Qxb1 (28... Qc2 29. Na1 Qxb1 30. Qxc3 Qe4+ 31. Qf3 Rd2
$17) 29. Qxc3 Qe4+ 30. Kh3 Qf5+ 31. Kg2 Qxf2+ 32. Kxf2 Ne4+ 33. Ke3 Nxc3 $17)
28. Rb7 $5 Rxb7 29. Qxb7 Ng4 $19 30. Qf3 $8 Nxf2 $1 31. Qxf2 Qxb3 {Hecht:
schwarzer Mehrbauer, offene weiße Königsstellung sowie schwarzer König im
Quadrat des a-Bauern ermöglichen Schwarz schlußendlich den Generalabtausch.}
32. Rf1 (32. a4 {Hecht} Rd3 33. a5 Qd5+ 34. Kg1 Rd2 35. Qf1 Rg2+ 36. Qxg2 Qd4+
37. Qf2 Qxa1+ {[%csl Ra5]}) 32... Rd7 33. Qc5 Qb7+ 34. Kg1 Rd2 35. Rf2 Qb1+ 36.
Kg2 Qe4+ 37. Kg1 Qe1+ 38. Rf1 Qe2 39. Rf2 Qxf2+ 40. Qxf2 Rxf2 41. Kxf2 Kf8 42.
Ke3 0-1